[Event "WYCC Girls U14"]
[Site "Porto Carras"]
[Date "2015.10.29"]
[Round "5.4"]
[White "Antova, Gabriela"]
[Black "Kovacs, Judit"]
[Result "1/2-1/2"]
[BlackElo "1950"]
[WhiteElo "2165"]
[LiveChessVersion "1.4.6"]

1. d4 {[%clk 1:30:58]} d5 {[%clk 1:30:50]} 2. c4 {[%clk 1:31:22]} c6
{[%clk 1:31:14]} 3. Nf3 {[%clk 1:31:47]} Nf6 {[%clk 1:31:37]} 4. Qc2
{[%clk 1:32:13]} a6 {[%clk 1:30:39]} 5. g3 {[%clk 1:24:55]} g6 {[%clk 1:28:03]}
6. Bg2 {[%clk 1:21:41]} Bg7 {[%clk 1:23:52]} 7. O-O {[%clk 1:21:07]} O-O
{[%clk 1:22:52]} 8. b3 {[%clk 1:13:21]} Bf5 {[%clk 1:18:06]} 9. Qd1
{[%clk 1:13:20]} Ne4 {[%clk 1:10:29]} 10. Bb2 {[%clk 1:06:19]} Qc8
{[%clk 0:59:54]} 11. Nbd2 {[%clk 0:58:01]} Nxd2 {[%clk 0:56:07]} 12. Qxd2
{[%clk 0:58:00]} Bh3 {[%clk 0:51:45]} 13. cxd5 {[%clk 0:51:46]} Bxg2
{[%clk 0:49:56]} 14. Kxg2 {[%clk 0:52:14]} cxd5 {[%clk 0:48:14]} 15. Rac1
{[%clk 0:51:45]} Qd7 {[%clk 0:45:28]} 16. Ne5 {[%clk 0:49:37]} Qd6
{[%clk 0:44:55]} 17. Nd3 {[%clk 0:36:19]} Nc6 {[%clk 0:37:14]} 18. Nc5
{[%clk 0:34:57]} b6 {[%clk 0:34:09]} 19. Na4 {[%clk 0:34:59]} Rab8
{[%clk 0:32:21]} 20. e3 {[%clk 0:30:05]} Rfc8 {[%clk 0:23:18]} 21. Qe2
{[%clk 0:29:36]} b5 {[%clk 0:19:56]} 22. Nc5 {[%clk 0:27:59]} e6 {[%clk 0:17:07]}
23. Qd2 {[%clk 0:19:57]} a5 {[%clk 0:16:21]} 24. a3 {[%clk 0:19:38]} b4
{[%clk 0:13:19]} 25. Rc2 {[%clk 0:16:51]} Bf8 {[%clk 0:11:03]} 26. Rfc1
{[%clk 0:15:16]} Na7 {[%clk 0:10:07]} 27. a4 {[%clk 0:15:03]} Qd8
{[%clk 0:09:41]} 28. Qe2 {[%clk 0:13:54]} Bxc5 {[%clk 0:08:43]} 29. dxc5
{[%clk 0:13:27]} Nc6 {[%clk 0:08:48]} 30. Qd3 {[%clk 0:12:51]} Rc7
{[%clk 0:08:05]} 31. h4 {[%clk 0:12:30]} h5 {[%clk 0:07:37]} 32. Rd2
{[%clk 0:08:00]} Rbc8 {[%clk 0:06:12]} 33. Ba1 {[%clk 0:06:59]} Rd7
{[%clk 0:05:48]} 34. Qa6 {[%clk 0:03:39]} Ra7 {[%clk 0:04:47]} 35. Qd3
{[%clk 0:03:58]} Rd7 {[%clk 0:05:10]} 36. Rcd1 {[%clk 0:01:59]} e5
{[%clk 0:04:04]} 37. f4 {[%clk 0:01:08]} exf4 {[%clk 0:02:53]} 38. exf4
{[%clk 0:01:28]} Qe7 {[%clk 0:02:36]} 39. Qc2 {[%clk 0:00:48]} d4
{[%clk 0:02:02]} 40. Re2 {[%clk 0:30:40]} Qf6 {[%clk 0:31:59]} 41. Red2
{[%clk 0:22:11]} Rcd8 {[%clk 0:28:14]} 42. Qc4 {[%clk 0:16:32]} Qf5
{[%clk 0:25:55]} 43. Kh2 {[%clk 0:16:25]} Qf6 {[%clk 0:21:42]} 44. Kg2
{[%clk 0:16:41]} Qf5 {[%clk 0:21:43]} 45. Kh2 {[%clk 0:17:05]} Qf6
{[%clk 0:22:08]} 46. Kg2 {[%clk 0:17:25]} 1/2-1/2

[Event "WYCC Girls U14"]
[Site "Porto Carras"]
[Date "2015.10.29"]
[Round "5.5"]
[White "Afonasieva, Anna"]
[Black "Balajayeva, Khanim"]
[Result "0-1"]
[BlackElo "2164"]
[WhiteElo "2093"]
[LiveChessVersion "1.4.6"]

1. d4 {[%clk 1:30:57]} d5 {[%clk 1:30:56]} 2. Nf3 {[%clk 1:31:05]} Nf6
{[%clk 1:31:18]} 3. c4 {[%clk 1:31:07]} e6 {[%clk 1:31:43]} 4. g3
{[%clk 1:30:53]} c5 {[%clk 1:32:03]} 5. cxd5 {[%clk 1:30:21]} exd5
{[%clk 1:31:56]} 6. Nc3 {[%clk 1:30:18]} Nc6 {[%clk 1:32:15]} 7. Bg2
{[%clk 1:30:05]} Be7 {[%clk 1:30:35]} 8. O-O {[%clk 1:30:15]} O-O
{[%clk 1:30:59]} 9. dxc5 {[%clk 1:29:10]} Bxc5 {[%clk 1:30:46]} 10. Bg5
{[%clk 1:27:12]} d4 {[%clk 1:31:01]} 11. Na4 {[%clk 1:25:36]} Be7
{[%clk 1:25:53]} 12. Rc1 {[%clk 1:25:11]} Qa5 {[%clk 1:15:07]} 13. a3
{[%clk 1:13:31]} Rd8 {[%clk 1:02:27]} 14. Bf4 {[%clk 1:09:14]} Bg4
{[%clk 0:54:17]} 15. b4 {[%clk 1:07:34]} Qh5 {[%clk 0:53:58]} 16. Nc5
{[%clk 1:06:49]} Bxc5 {[%clk 0:43:09]} 17. Rxc5 {[%clk 1:07:03]} Rd5
{[%clk 0:43:32]} 18. Qb3 {[%clk 0:59:22]} Rad8 {[%clk 0:36:16]} 19. Rfc1
{[%clk 0:50:53]} d3 {[%clk 0:31:24]} 20. h3 {[%clk 0:38:16]} Bxh3
{[%clk 0:27:09]} 21. exd3 {[%clk 0:34:11]} Bxg2 {[%clk 0:27:08]} 22. Kxg2
{[%clk 0:33:56]} Qxf3+ {[%clk 0:27:19]} 23. Kxf3 {[%clk 0:26:51]} Nd4+
{[%clk 0:27:45]} 24. Kg2 {[%clk 0:26:45]} Nxb3 {[%clk 0:28:10]} 25. Rxd5
{[%clk 0:24:25]} Nxd5 {[%clk 0:28:32]} 26. Rc4 {[%clk 0:22:49]} Nxf4+
{[%clk 0:28:31]} 27. Rxf4 {[%clk 0:21:36]} Nd4 {[%clk 0:28:36]} 28. Re4
{[%clk 0:20:09]} Ne6 {[%clk 0:28:56]} 29. Re3 {[%clk 0:17:36]} Rc8
{[%clk 0:28:33]} 30. Re5 {[%clk 0:15:17]} Kf8 {[%clk 0:27:33]} 31. Rd5
{[%clk 0:14:17]} Ke7 {[%clk 0:26:39]} 32. a4 {[%clk 0:13:44]} Rd8
{[%clk 0:26:02]} 33. Ra5 {[%clk 0:13:14]} a6 {[%clk 0:26:24]} 34. b5
{[%clk 0:13:15]} Rd6 {[%clk 0:26:22]} 35. bxa6 {[%clk 0:13:09]} bxa6
{[%clk 0:26:47]} 36. Kf1 {[%clk 0:13:07]} g6 {[%clk 0:25:26]} 37. Ke2
{[%clk 0:11:55]} f6 {[%clk 0:25:39]} 38. Kd2 {[%clk 0:11:30]} Kd7
{[%clk 0:26:01]} 0-1

[Event "WYCC Girls U14"]
[Site "Porto Carras"]
[Date "2015.10.29"]
[Round "5.6"]
[White "Radeva, Viktoria"]
[Black "Nosacheva, Mariya"]
[Result "1-0"]
[BlackElo "1937"]
[WhiteElo "2145"]
[LiveChessVersion "1.4.6"]

1. e4 {[%clk 1:30:58]} e5 {[%clk 1:30:52]} 2. Nf3 {[%clk 1:31:19]} Nc6
{[%clk 1:31:15]} 3. d4 {[%clk 1:31:46]} exd4 {[%clk 1:31:33]} 4. Nxd4
{[%clk 1:32:05]} Bc5 {[%clk 1:31:19]} 5. Be3 {[%clk 1:32:27]} Qf6
{[%clk 1:31:34]} 6. c3 {[%clk 1:32:47]} Nge7 {[%clk 1:31:34]} 7. Bc4
{[%clk 1:33:04]} b6 {[%clk 1:31:27]} 8. O-O {[%clk 1:31:22]} O-O {[%clk 1:31:41]}
9. f4 {[%clk 1:24:39]} d5 {[%clk 1:29:37]} 10. exd5 {[%clk 1:20:44]} Na5
{[%clk 1:29:26]} 11. Bd3 {[%clk 1:16:40]} Bb7 {[%clk 1:27:40]} 12. Nc2
{[%clk 1:05:42]} Nxd5 {[%clk 1:22:32]} 13. Bxc5 {[%clk 1:04:25]} bxc5
{[%clk 1:22:59]} 14. Be4 {[%clk 0:40:41]} Rad8 {[%clk 1:15:35]} 15. Qf3
{[%clk 0:33:18]} Qb6 {[%clk 1:08:50]} 16. Nba3 {[%clk 0:26:28]} f5
{[%clk 1:05:02]} 17. Bxd5+ {[%clk 0:26:00]} Bxd5 {[%clk 1:05:30]} 18. Qf2
{[%clk 0:23:54]} Qxb2 {[%clk 1:01:12]} 19. Qxc5 {[%clk 0:23:43]} Nc4
{[%clk 1:00:26]} 20. Nxc4 {[%clk 0:21:26]} Qxc2 {[%clk 0:58:24]} 21. Ne3
{[%clk 0:21:12]} Qe4 {[%clk 0:58:13]} 22. Nxd5 {[%clk 0:19:19]} Rxd5
{[%clk 0:57:48]} 23. Qxa7 {[%clk 0:17:14]} Rd2 {[%clk 0:51:43]} 24. Rf2
{[%clk 0:17:16]} Rfd8 {[%clk 0:50:36]} 25. Raf1 {[%clk 0:15:29]} h6
{[%clk 0:48:42]} 26. Qxc7 {[%clk 0:11:17]} Qe3 {[%clk 0:38:11]} 27. Qe5
{[%clk 0:11:11]} Qa7 {[%clk 0:38:21]} 28. Qe6+ {[%clk 0:08:47]} Kh8
{[%clk 0:38:34]} 29. g3 {[%clk 0:07:39]} Rxf2 {[%clk 0:33:23]} 30. Rxf2
{[%clk 0:08:03]} Rd2 {[%clk 0:33:36]} 31. Qe1 {[%clk 0:07:27]} Rxa2
{[%clk 0:33:43]} 32. Kg2 {[%clk 0:06:53]} Qa8+ {[%clk 0:33:48]} 33. Kh3
{[%clk 0:07:10]} Ra5 {[%clk 0:31:59]} 34. Re2 {[%clk 0:06:53]} Qf3
{[%clk 0:31:53]} 35. Rf2 {[%clk 0:05:02]} Qc6 {[%clk 0:32:13]} 36. Re2
{[%clk 0:02:30]} Qf3 {[%clk 0:31:10]} 37. c4 {[%clk 0:01:37]} Ra4
{[%clk 0:26:29]} 38. Rc2 {[%clk 0:01:29]} Kh7 {[%clk 0:20:43]} 39. Qc1
{[%clk 0:00:41]} Ra6 {[%clk 0:15:10]} 40. Rd2 {[%clk 0:30:39]} Rg6
{[%clk 0:44:19]} 41. Qd1 {[%clk 0:29:36]} Qc6 {[%clk 0:43:09]} 42. Qc2
{[%clk 0:27:05]} Rf6 {[%clk 0:40:43]} 43. Rd5 {[%clk 0:27:01]} Qc8
{[%clk 0:37:13]} 44. Qd3 {[%clk 0:22:07]} h5 {[%clk 0:32:58]} 45. Rd8
{[%clk 0:20:46]} Qe6 {[%clk 0:30:47]} 46. c5 {[%clk 0:19:40]} Rf7
{[%clk 0:25:05]} 47. Rd6 {[%clk 0:19:16]} Qc8 {[%clk 0:24:18]} 48. Qd5
{[%clk 0:17:54]} Re7 {[%clk 0:20:08]} 49. c6 {[%clk 0:16:22]} Re8
{[%clk 0:16:35]} 50. Rd7 {[%clk 0:16:00]} Rf8 {[%clk 0:16:17]} 51. Qe5
{[%clk 0:15:47]} 1-0

[Event "WYCC Girls U14"]
[Site "Porto Carras"]
[Date "2015.10.29"]
[Round "5.7"]
[White "Goltseva, Ekaterina"]
[Black "Grigorieva, Yulia"]
[Result "1-0"]
[BlackElo "1935"]
[WhiteElo "2114"]
[LiveChessVersion "1.4.6"]

1. d4 {[%clk 1:30:56]} Nf6 {[%clk 1:30:52]} 2. c4 {[%clk 1:31:15]} g6
{[%clk 1:31:14]} 3. Nc3 {[%clk 1:31:28]} Bg7 {[%clk 1:31:35]} 4. Nf3
{[%clk 1:31:35]} d6 {[%clk 1:31:51]} 5. Bf4 {[%clk 1:31:46]} O-O {[%clk 1:31:23]}
6. e3 {[%clk 1:32:02]} Bg4 {[%clk 1:24:16]} 7. h3 {[%clk 1:31:04]} Bxf3
{[%clk 1:23:50]} 8. Qxf3 {[%clk 1:31:25]} Nc6 {[%clk 1:21:46]} 9. Rd1
{[%clk 1:29:44]} Nd7 {[%clk 1:14:12]} 10. Be2 {[%clk 1:26:08]} e5
{[%clk 1:06:59]} 11. dxe5 {[%clk 1:26:28]} Ndxe5 {[%clk 1:06:34]} 12. Qe4
{[%clk 1:24:25]} Kh8 {[%clk 0:56:19]} 13. Qc2 {[%clk 1:13:27]} Nd7
{[%clk 0:48:09]} 14. Nd5 {[%clk 1:05:39]} g5 {[%clk 0:42:29]} 15. Bg3
{[%clk 1:05:00]} f5 {[%clk 0:41:16]} 16. h4 {[%clk 1:00:54]} Rc8 {[%clk 0:33:46]}
17. Bd3 {[%clk 0:45:55]} f4 {[%clk 0:17:05]} 18. hxg5 {[%clk 0:36:53]} fxg3
{[%clk 0:15:52]} 19. Bxh7 {[%clk 0:36:13]} Rxf2 {[%clk 0:07:06]} 20. Bf5+
{[%clk 0:33:32]} Kg8 {[%clk 0:07:27]} 21. Be6+ {[%clk 0:33:46]} Kf8
{[%clk 0:07:06]} 22. Rh8+ {[%clk 0:28:14]} Bxh8 {[%clk 0:07:03]} 23. Qh7
{[%clk 0:28:36]} Bc3+ {[%clk 0:00:52]} 24. bxc3 {[%clk 0:28:48]} Ke8
{[%clk 0:01:12]} 25. Qg6+ {[%clk 0:29:12]} 1-0

[Event "WYCC Girls U14"]
[Site "Porto Carras"]
[Date "2015.10.29"]
[Round "5.8"]
[White "Obolentseva, Alexandra"]
[Black "Sakorenko, Adriana"]
[Result "1-0"]
[BlackElo "1935"]
[WhiteElo "2084"]
[LiveChessVersion "1.4.6"]

1. e4 {[%clk 1:30:57]} c5 {[%clk 1:30:56]} 2. Nf3 {[%clk 1:31:22]} e6
{[%clk 1:31:22]} 3. d4 {[%clk 1:31:47]} cxd4 {[%clk 1:31:48]} 4. Nxd4
{[%clk 1:32:13]} a6 {[%clk 1:32:08]} 5. Nc3 {[%clk 1:32:36]} Qc7 {[%clk 1:32:27]}
6. Qf3 {[%clk 1:32:58]} Nc6 {[%clk 1:24:39]} 7. Nxc6 {[%clk 1:33:19]} dxc6
{[%clk 1:22:30]} 8. Be3 {[%clk 1:33:27]} Nf6 {[%clk 1:12:20]} 9. O-O-O
{[%clk 1:33:45]} e5 {[%clk 1:11:03]} 10. h3 {[%clk 1:32:35]} b5 {[%clk 1:06:06]}
11. g4 {[%clk 1:30:09]} Be6 {[%clk 0:56:42]} 12. g5 {[%clk 1:25:01]} Nd7
{[%clk 0:52:20]} 13. Nd5 {[%clk 1:24:00]} Qb7 {[%clk 0:52:45]} 14. Bg2
{[%clk 1:23:49]} O-O-O {[%clk 0:31:35]} 15. Kb1 {[%clk 1:19:54]} Nc5
{[%clk 0:24:57]} 16. Nc3 {[%clk 1:16:13]} Be7 {[%clk 0:22:04]} 17. Qg3
{[%clk 1:14:57]} f6 {[%clk 0:18:55]} 18. f4 {[%clk 1:13:08]} Qc7 {[%clk 0:17:30]}
19. Qf2 {[%clk 1:07:05]} Rxd1+ {[%clk 0:15:21]} 20. Rxd1 {[%clk 1:07:22]} Nd7
{[%clk 0:15:01]} 21. f5 {[%clk 1:04:43]} Bf7 {[%clk 0:11:31]} 22. h4
{[%clk 1:03:12]} Bb4 {[%clk 0:10:06]} 23. Ne2 {[%clk 1:02:26]} Rd8
{[%clk 0:06:53]} 24. Nc1 {[%clk 1:01:49]} Bc4 {[%clk 0:05:35]} 25. Nd3
{[%clk 1:00:14]} Ba5 {[%clk 0:05:57]} 26. h5 {[%clk 0:57:55]} Bb6
{[%clk 0:03:25]} 27. b3 {[%clk 0:56:58]} Bxd3 {[%clk 0:02:32]} 28. Rxd3
{[%clk 0:56:16]} Bxe3 {[%clk 0:02:59]} 29. Qxe3 {[%clk 0:56:25]} Qb6
{[%clk 0:02:02]} 30. Qxb6 {[%clk 0:55:51]} Nxb6 {[%clk 0:02:30]} 31. h6
{[%clk 0:55:58]} gxh6 {[%clk 0:01:33]} 32. g6 {[%clk 0:55:52]} hxg6
{[%clk 0:01:20]} 33. fxg6 {[%clk 0:56:13]} Rg8 {[%clk 0:01:30]} 34. Bh3+
{[%clk 0:56:35]} Kc7 {[%clk 0:01:47]} 35. Bf5 {[%clk 0:56:59]} c5
{[%clk 0:01:16]} 36. Kb2 {[%clk 0:56:53]} Rg7 {[%clk 0:01:14]} 37. Rh3
{[%clk 0:55:57]} Nd7 {[%clk 0:01:18]} 38. Rxh6 {[%clk 0:56:21]} Nf8
{[%clk 0:01:32]} 39. Rh7 {[%clk 0:56:37]} 1-0

[Event "WYCC Girls U14"]
[Site "Porto Carras"]
[Date "2015.10.29"]
[Round "5.9"]
[White "Henderson De La Fuente, Andrea"]
[Black "Redondo Benavente, Ana"]
[Result "1/2-1/2"]
[BlackElo "2064"]
[WhiteElo "1867"]
[LiveChessVersion "1.4.6"]

1. e4 {[%clk 1:30:56]} e6 {[%clk 1:30:53]} 2. d3 {[%clk 1:31:02]} d5
{[%clk 1:31:06]} 3. Nd2 {[%clk 1:31:27]} Nc6 {[%clk 1:31:06]} 4. Ngf3
{[%clk 1:31:43]} Nf6 {[%clk 1:31:05]} 5. g3 {[%clk 1:31:32]} dxe4
{[%clk 1:30:43]} 6. dxe4 {[%clk 1:31:53]} e5 {[%clk 1:30:56]} 7. Bg2
{[%clk 1:31:26]} Bc5 {[%clk 1:30:29]} 8. c3 {[%clk 1:30:40]} O-O {[%clk 1:25:16]}
9. b4 {[%clk 1:27:47]} Bd6 {[%clk 1:25:16]} 10. O-O {[%clk 1:27:15]} Qe7
{[%clk 1:21:47]} 11. Qc2 {[%clk 1:25:44]} Ne8 {[%clk 1:18:34]} 12. Nc4
{[%clk 1:13:14]} f5 {[%clk 1:11:41]} 13. exf5 {[%clk 1:06:22]} Bxf5
{[%clk 1:11:43]} 14. Qb3 {[%clk 1:05:36]} Kh8 {[%clk 1:09:38]} 15. Re1
{[%clk 0:57:27]} Qf6 {[%clk 0:54:15]} 16. b5 {[%clk 0:45:10]} e4 {[%clk 0:49:51]}
17. bxc6 {[%clk 0:31:00]} exf3 {[%clk 0:49:40]} 18. cxb7 {[%clk 0:30:33]} Rb8
{[%clk 0:49:46]} 19. Be3 {[%clk 0:28:18]} fxg2 {[%clk 0:47:13]} 20. Bxa7
{[%clk 0:26:20]} c5 {[%clk 0:45:51]} 21. Nxd6 {[%clk 0:21:40]} Nxd6
{[%clk 0:44:02]} 22. Bxb8 {[%clk 0:20:54]} Rxb8 {[%clk 0:43:05]} 23. Rad1
{[%clk 0:17:24]} Ne4 {[%clk 0:31:37]} 24. f3 {[%clk 0:15:34]} Ng5
{[%clk 0:25:56]} 25. Re8+ {[%clk 0:14:54]} Rxe8 {[%clk 0:26:09]} 26. b8=Q
{[%clk 0:15:15]} Nxf3+ {[%clk 0:25:16]} 27. Kxg2 {[%clk 0:14:48]} Bh3+
{[%clk 0:17:24]} 28. Kxh3 {[%clk 0:08:43]} Ng5+ {[%clk 0:09:25]} 29. Kg4
{[%clk 0:08:44]} Qf3+ {[%clk 0:08:20]} 30. Kh4 {[%clk 0:07:08]} Qe4+
{[%clk 0:07:15]} 31. g4 {[%clk 0:05:33]} Qg6 {[%clk 0:03:14]} 32. Qxe8+
{[%clk 0:02:15]} Qxe8 {[%clk 0:03:42]} 33. Kxg5 {[%clk 0:02:37]} Qe5+
{[%clk 0:03:56]} 34. Kh4 {[%clk 0:02:49]} Qxh2+ {[%clk 0:04:11]} 35. Kg5
{[%clk 0:03:04]} Qe5+ {[%clk 0:04:15]} 1/2-1/2

[Event "WYCC Girls U14"]
[Site "Porto Carras"]
[Date "2015.10.29"]
[Round "5.10"]
[White "Maltsevskaya, Aleksandra"]
[Black "Caballero Quijano, Mitzy Mishe"]
[Result "1/2-1/2"]
[BlackElo "1848"]
[WhiteElo "2051"]
[LiveChessVersion "1.4.6"]

1. e4 {[%clk 1:30:56]} d6 {[%clk 1:30:50]} 2. d4 {[%clk 1:31:19]} g6
{[%clk 1:31:16]} 3. Nf3 {[%clk 1:31:32]} Bg7 {[%clk 1:31:37]} 4. c3
{[%clk 1:31:51]} Nc6 {[%clk 1:30:47]} 5. Bb5 {[%clk 1:30:54]} Bd7
{[%clk 1:29:51]} 6. O-O {[%clk 1:31:07]} e5 {[%clk 1:29:12]} 7. Bg5
{[%clk 1:31:11]} f6 {[%clk 1:24:13]} 8. Be3 {[%clk 1:31:24]} Nge7
{[%clk 1:10:50]} 9. dxe5 {[%clk 1:30:57]} fxe5 {[%clk 1:06:05]} 10. h3
{[%clk 1:25:00]} h6 {[%clk 0:59:55]} 11. Qd2 {[%clk 1:15:45]} Be6
{[%clk 0:52:10]} 12. Na3 {[%clk 1:08:28]} Qd7 {[%clk 0:49:18]} 13. Rfd1
{[%clk 1:02:42]} g5 {[%clk 0:47:28]} 14. Bc4 {[%clk 0:57:45]} O-O
{[%clk 0:39:09]} 15. Bxe6+ {[%clk 0:53:45]} Qxe6 {[%clk 0:39:30]} 16. Nh2
{[%clk 0:53:45]} Rf7 {[%clk 0:34:46]} 17. Nf1 {[%clk 0:50:04]} Ng6
{[%clk 0:28:57]} 18. Ng3 {[%clk 0:46:52]} Nh4 {[%clk 0:29:01]} 19. Qe2
{[%clk 0:34:10]} Ne7 {[%clk 0:26:23]} 20. Qg4 {[%clk 0:31:03]} Qc8
{[%clk 0:15:26]} 21. c4 {[%clk 0:17:58]} Neg6 {[%clk 0:14:13]} 22. Nh5
{[%clk 0:16:06]} Nf4 {[%clk 0:09:17]} 23. Nxg7 {[%clk 0:12:49]} Rxg7
{[%clk 0:09:15]} 24. Qxc8+ {[%clk 0:12:18]} Rxc8 {[%clk 0:09:37]} 25. g3
{[%clk 0:11:04]} Nf3+ {[%clk 0:07:43]} 26. Kh1 {[%clk 0:11:17]} Nxh3
{[%clk 0:06:51]} 27. Kg2 {[%clk 0:10:03]} g4 {[%clk 0:07:19]} 28. Nb5
{[%clk 0:09:09]} a6 {[%clk 0:07:12]} 29. Nc3 {[%clk 0:09:33]} h5 {[%clk 0:04:01]}
30. Nd5 {[%clk 0:06:06]} Rf7 {[%clk 0:03:31]} 31. c5 {[%clk 0:04:39]} Kg7
{[%clk 0:01:59]} 32. cxd6 {[%clk 0:04:14]} cxd6 {[%clk 0:02:28]} 33. Nc3
{[%clk 0:04:27]} Rc6 {[%clk 0:02:20]} 34. Rd3 {[%clk 0:04:37]} Nfg5
{[%clk 0:01:19]} 35. Rad1 {[%clk 0:04:40]} Rc4 {[%clk 0:00:54]} 36. Rxd6
{[%clk 0:03:19]} Nxe4 {[%clk 0:01:16]} 37. Nxe4 {[%clk 0:03:29]} Rxe4
{[%clk 0:01:44]} 38. Rd7 {[%clk 0:03:19]} Rb4 {[%clk 0:01:38]} 39. b3
{[%clk 0:02:49]} Rb5 {[%clk 0:01:18]} 40. Rxf7+ {[%clk 0:30:47]} Kxf7
{[%clk 0:31:46]} 41. Rd6 {[%clk 0:30:43]} e4 {[%clk 0:27:41]} 42. Rh6
{[%clk 0:28:20]} Kg7 {[%clk 0:23:28]} 43. Re6 {[%clk 0:27:53]} Ng5
{[%clk 0:22:43]} 44. Bxg5 {[%clk 0:25:45]} Rxg5 {[%clk 0:23:09]} 45. Re7+
{[%clk 0:25:13]} Kf6 {[%clk 0:21:58]} 46. Rxb7 {[%clk 0:25:37]} Re5
{[%clk 0:22:08]} 47. Rb6+ {[%clk 0:20:15]} Re6 {[%clk 0:22:30]} 48. Rxe6+
{[%clk 0:20:11]} Kxe6 {[%clk 0:22:48]} 49. Kf1 {[%clk 0:20:25]} Kd5
{[%clk 0:22:14]} 50. Ke2 {[%clk 0:17:32]} Kc5 {[%clk 0:16:12]} 51. a3
{[%clk 0:16:55]} Kd4 {[%clk 0:16:33]} 52. Kd2 {[%clk 0:17:20]} a5
{[%clk 0:16:58]} 53. b4 {[%clk 0:16:46]} a4 {[%clk 0:17:27]} 54. Ke2
{[%clk 0:15:40]} Kd5 {[%clk 0:13:56]} 55. Ke3 {[%clk 0:13:21]} Ke5
{[%clk 0:14:18]} 56. b5 {[%clk 0:12:20]} Kd5 {[%clk 0:14:43]} 57. b6
{[%clk 0:12:47]} Kc6 {[%clk 0:15:05]} 58. Kxe4 {[%clk 0:13:14]} Kxb6
{[%clk 0:15:31]} 59. Kd4 {[%clk 0:13:36]} Kc6 {[%clk 0:13:40]} 60. Kc4
{[%clk 0:11:05]} Kd6 {[%clk 0:13:56]} 61. Kd4 {[%clk 0:07:12]} Kc6
{[%clk 0:14:08]} 62. Kc4 {[%clk 0:04:08]} Kd6 {[%clk 0:14:33]} 63. Kb4
{[%clk 0:03:54]} Ke5 {[%clk 0:14:37]} 64. Kxa4 {[%clk 0:04:19]} Ke4
{[%clk 0:15:03]} 65. Kb3 {[%clk 0:04:46]} Kf3 {[%clk 0:15:17]} 66. a4
{[%clk 0:05:11]} Kxf2 {[%clk 0:15:43]} 67. a5 {[%clk 0:05:39]} h4
{[%clk 0:15:07]} 68. gxh4 {[%clk 0:05:57]} g3 {[%clk 0:15:33]} 69. a6
{[%clk 0:06:24]} g2 {[%clk 0:15:59]} 70. a7 {[%clk 0:06:51]} g1=Q
{[%clk 0:16:16]} 71. a8=Q {[%clk 0:07:17]} Qg3+ {[%clk 0:16:26]} 72. Kc2
{[%clk 0:07:37]} Qxh4 {[%clk 0:16:47]} 1/2-1/2

[Event "WYCC Girls U14"]
[Site "Porto Carras"]
[Date "2015.10.29"]
[Round "5.11"]
[White "Vantika, Agrawal"]
[Black "Dolbieva, Ksenia"]
[Result "0-1"]
[BlackElo "1783"]
[WhiteElo "2039"]
[LiveChessVersion "1.4.6"]

1. d4 {[%clk 1:30:08]} f5 {[%clk 1:30:53]} 2. Nf3 {[%clk 1:30:21]} Nf6
{[%clk 1:31:16]} 3. g3 {[%clk 1:30:31]} g6 {[%clk 1:31:36]} 4. Bg2
{[%clk 1:30:34]} Bg7 {[%clk 1:31:59]} 5. O-O {[%clk 1:30:15]} O-O
{[%clk 1:31:33]} 6. b3 {[%clk 1:26:57]} d6 {[%clk 1:31:25]} 7. Bb2
{[%clk 1:26:54]} c6 {[%clk 1:31:05]} 8. c4 {[%clk 1:25:54]} Nbd7 {[%clk 1:27:29]}
9. Nc3 {[%clk 0:47:09]} e5 {[%clk 1:25:22]} 10. d5 {[%clk 0:41:50]} Qc7
{[%clk 1:18:44]} 11. dxc6 {[%clk 0:35:12]} bxc6 {[%clk 1:19:05]} 12. Qd2
{[%clk 0:29:05]} Nc5 {[%clk 1:09:30]} 13. Rad1 {[%clk 0:19:21]} Rd8
{[%clk 1:05:09]} 14. Ne1 {[%clk 0:07:25]} Bb7 {[%clk 1:01:20]} 15. Rc1
{[%clk 0:03:11]} Rac8 {[%clk 0:59:03]} 16. Nd3 {[%clk 0:01:38]} Nxd3
{[%clk 0:49:54]} 17. Qxd3 {[%clk 0:00:37]} e4 {[%clk 0:49:49]} 18. Qd2
{[%clk 0:00:35]} Qf7 {[%clk 0:48:10]} 19. Rfd1 {[%clk 0:00:35]} Ng4
{[%clk 0:47:09]} 20. f4 {[%clk 0:00:32]} e3 {[%clk 0:46:04]} 21. Qc2
{[%clk 0:00:39]} d5 {[%clk 0:45:44]} 22. c5 {[%clk 0:00:33]} d4 {[%clk 0:45:54]}
23. Na4 {[%clk 0:00:35]} Nf2 {[%clk 0:45:37]} 24. Rf1 {[%clk 0:00:35]} Ba6
{[%clk 0:45:15]} 25. Rxf2 {[%clk 0:00:32]} exf2+ {[%clk 0:45:40]} 26. Kh1
{[%clk 0:00:32]} d3 {[%clk 0:45:46]} 27. exd3 {[%clk 0:00:49]} Bxd3
{[%clk 0:45:30]} 28. Qxf2 {[%clk 0:01:12]} Re8 {[%clk 0:43:56]} 29. Nc3
{[%clk 0:00:33]} Qe6 {[%clk 0:42:28]} 30. h3 {[%clk 0:00:31]} Rcd8
{[%clk 0:42:24]} 31. Rd1 {[%clk 0:00:37]} Bd4 {[%clk 0:41:00]} 32. Qd2
{[%clk 0:00:33]} Bxc5 {[%clk 0:40:21]} 33. Na4 {[%clk 0:00:42]} Qe3
{[%clk 0:17:42]} 34. Qc3 {[%clk 0:00:33]} Bd4 {[%clk 0:18:00]} 35. Qxc6
{[%clk 0:00:36]} Bxb2 {[%clk 0:17:02]} 36. Nxb2 {[%clk 0:00:50]} Be4
{[%clk 0:17:07]} 37. Qc4+ {[%clk 0:00:34]} Kh8 {[%clk 0:16:54]} 38. Rg1
{[%clk 0:00:32]} Qxg3 {[%clk 0:16:23]} 39. Qf7 {[%clk 0:00:32]} Qxh3#
{[%clk 0:16:46]} 0-1